| 000 | 00693nam a2200169 i 4500 | ||
|---|---|---|---|
| 001 | 20207 | ||
| 003 | ES-MaACL | ||
| 005 | 20230906152244.0 | ||
| 007 | t| | ||
| 008 | 021108s1904 sp ||||1| spa d | ||
| 245 | 0 | 0 | _aAguas minero-medicinales de San Hilario Sacalm : establecimiento oficial: Hotel Martín, situado al pie de los manantiales, abierto el 1º de julio : médico-director, D. Manuel Martí Sanchís. |
| 246 | 3 | _aAguas medicinales San Hilario Sacalm, álbum memoria. | |
| 260 |
_aBarcelona : _b[s.n.], _c1904 ( _fImp. de Henrich y Cía.) |
||
| 300 |
_a38 p. : _bil. ; _c16 cm. |
||
| 650 | 4 |
_aAguas minerales- _zSant Hilari Sacalm- _xHistoria. _9166908 |
|
| 852 |
_aES-MaACL _jF-13442 |
||
| 999 |
_c20207 _d20207 |
||